000 00449nam a22001457a 4500
999 _c133595
_d133595
005 20240326110320.0
008 240326b ||||| |||| 00| 0 eng d
040 _cPK-LaUMT
082 _aAPC 155.94
_bJAV-M
100 _aJavaid Shaheen = جاوید شاہین
245 _aManay nah manay = مانیں نہ مانیں /
_cby Javaid Shaheen = جاوید شاہین
260 _aLahore :
_bMeri Library,
_c1967
300 _a280 p.
942 _cBK